Т. 4 : Квантовая физика; Берклеевский курс физики

التفاصيل البيبلوغرافية
Parent link:Берклеевский курс физики: в 5 т.. Т. 4 : Квантовая физика.— 2-е изд., стер..— , 1975-1978
المؤلف الرئيسي: Вихман Э.
مؤلفون آخرون: Шальников А. И. Александр Иосифович (редактор), Вайсенберг А. О.
اللغة:الروسية
منشور في: 1977
الموضوعات:
التنسيق: كتاب
KOHA link:https://koha.lib.tpu.ru/cgi-bin/koha/opac-detail.pl?biblionumber=32752

MARC

LEADER 00000nam2a2200000 4500
001 32752
005 20231101210119.0
035 |a (RuTPU)RU\TPU\book\33054 
035 |a BOOK00000051 
090 |a 32752 
100 |a 20011210d1977 m y0rusy50 ca 
101 1 |a rus  |c eng 
102 |a RU 
105 |a a j 001zy 
200 0 |a Т. 4 : Квантовая физика  |f Э. Вихман  |g под ред. А. И. Шальникова, А. О. Вайсенберга 
210 |d 1977 
215 |a 415 с.  |c ил. 
320 |a Предм. указ.: с. 407-415 
461 1 |0 (RuTPU)RU\TPU\book\41371  |t Берклеевский курс физики  |o в 5 т.  |o пер. с англ.  |v Т. 4 : Квантовая физика  |e 2-е изд., стер.  |d 1975-1978 
606 1 |a Физика  |2 stltpush  |3 (RuTPU)RU\TPU\subj\63709  |9 80688 
606 1 |a Квантовая физика  |2 stltpush  |3 (RuTPU)RU\TPU\subj\42126  |9 61861 
610 1 |a физические величины 
610 1 |a энергия 
610 1 |a фотоны 
610 1 |a волновая механика 
610 1 |a уравнения Шредингера 
675 |a 53(075.8)  |v 3 
675 |a 530.145.6(075.8)  |v 3 
700 1 |a Вихман  |b Э. 
702 1 |a Шальников  |b А. И.  |g Александр Иосифович  |4 340 
702 1 |a Вайсенберг  |b А. О.  |4 340 
801 0 |a RU  |b 63413507  |c 20011210  |g PSBO 
801 2 |a RU  |b 63413507  |c 20230313  |g PSBO 
942 |c BK